Random famous people by picture #5 - Statistics

General Stats
  • This quiz has been taken 76 times
  • The average score is 9 of 16
Answer Stats
Picture Answer % Correct
Mark Zuckerberg
95%
Kanye West
94%
Ariana Grande
89%
Morgan Freeman
89%
Shakira
88%
William Shakespeare
88%
Che Guevara
81%
Buzz Aldrin
75%
Ted Bundy
50%
Paul Walker
48%
Robert Lewandowski
48%
Horatio Nelson
39%
Lil Peep
13%
Emily Armstrong
6%
Carl Benz
2%
Gloria Gaynor
0%
No matching quizzes found
Score Distribution
Percent of People with Each Score
Percentile by Number Answered
Your Score History
You have not taken this quiz